Analýza vývoja účtovníctva a jeho odraz vo vyučovaní na ekonomických školách od roku 1946 po súčasnosť na Slovensku záverečná práca postgraduálneho štúdia

Saved in:
Bibliographic Details
Main Author: Rigáňová, Alžbeta
Corporate Author: Vysoká škola ekonomická v Bratislave. Fakulta riadenia
Format: Book
Language:Slovak
Published: Bratislava 1991
Tags: Add Tag
No Tags, Be the first to tag this record!

MARC

LEADER 00000nam a2200000 4500
001 c023302
005 20221214093126.0
041 0 |a slo 
044 |a SK 
245 1 0 |a Analýza vývoja účtovníctva a jeho odraz vo vyučovaní na ekonomických školách od roku 1946 po súčasnosť na Slovensku  |b záverečná práca postgraduálneho štúdia  |c Alžbeta Rigáňová 
264 1 |a Bratislava  |c 1991 
300 |a 155 s. 
100 1 |a Rigáňová, Alžbeta 
710 2 |a Vysoká škola ekonomická v Bratislave. Fakulta riadenia